[Event "Paleochora op 16th"]
[Site "Paleochora"]
[Date "2023.07.23"]
[Round "6"]
[White "Schmit, Vincent"]
[Black "Kalogeris, Ioannis"]
[Result "1/2-1/2"]
[WhiteElo "2174"]
[BlackElo "2434"]
[PlyCount "90"]
[EventDate "2023.07.19"]
[EventType "swiss"]
[EventRounds "9"]
[EventCountry "GRE"]
[SourceTitle "EXT 2024"]
[Source "ChessBase"]
[SourceDate "2023.10.10"]
[SourceVersion "1"]
[SourceVersionDate "2023.10.10"]
[SourceQuality "1"]

1. e4 e5 2. Nf3 Nc6 3. Bc4 Bc5 4. c3 Nf6 5. d3 0-0 6. Nbd2 a5 7. a4 d6 8. 0-0 Ba7 9. Re1 Be6 10. Bxe6 fxe6 11. Nf1 Qe8 12. Ng3 Ne7 13. d4 Ng6 14. dxe5 dxe5 15. Be3 Bxe3 16. Rxe3 Qc6 17. Qb3 Ra6 18. Rd1 Rb6 19. Qa2 h6 20. h3 Kh7 21. Qa3 Rf7 22. h4 Ng4 23. Red3 Qc4 24. Rd8 Rb3 25. Qa1 Qc5 26. R1d2 Nxh4 27. Qd1 Nxf3+ 28. gxf3 Nxf2 29. Rxf2 Rxb2 30. Nh1 Qxc3 31. Rxb2 Qxb2 32. Rd2 Qb4 33. Kg2 Qe7 34. Ng3 c6 35. Rd8 b5 36. Ra8 Qc7 37. Qb3 Qd7 38. Qc3 b4 39. Qxe5 Qd2+ 40. Kh3 Qg5 41. Qxe6 Rxf3 42. Qg8+ Kg6 43. Qe8+ Kh7 44. Qg8+ Kg6 45. Qe8+ Kh7 1/2-1/2

[Event "Prague Summer op 7th"]
[Site "Prague"]
[Date "2020.08.13"]
[Round "7"]
[White "Michalczak, Thomas"]
[Black "Schmit, Vincent"]
[Result "1-0"]
[WhiteElo "2245"]
[BlackElo "2150"]
[PlyCount "45"]
[EventDate "2020.08.08"]
[EventType "swiss"]
[EventRounds "9"]
[EventCountry "CZE"]
[SourceTitle "CBM 197 Extra"]
[Source "ChessBase"]
[SourceDate "2020.09.30"]
[SourceVersion "1"]
[SourceVersionDate "2020.09.30"]
[SourceQuality "1"]

1. e4 e5 2. Nf3 Nc6 3. Bb5 a6 4. Ba4 g6 5. c3 Nge7 6. 0-0 Bg7 7. d4 exd4 8. cxd4 d5 9. exd5 Nxd5 10. Nc3 0-0 11. Bg5 Qd6 12. Ne4 Qb4 13. Bb3 Be6 14. Rc1 Rac8 15. Nc5 Nxd4 16. a3 Nxf3+ 17. Qxf3 Qa5 18. Bxd5 Bxd5 19. Qxd5 b6 20. b4 Qb5 21. a4 Qxb4 22. Nxa6 Qxa4 23. Nxc7 1-0

[Event "Prague Summer op 7th"]
[Site "Prague"]
[Date "2020.08.09"]
[Round "2"]
[White "Schmit, Vincent"]
[Black "Petr, Martin"]
[Result "0-1"]
[WhiteElo "2150"]
[BlackElo "2464"]
[PlyCount "74"]
[EventDate "2020.08.08"]
[EventType "swiss"]
[EventRounds "9"]
[EventCountry "CZE"]
[SourceTitle "CBM 197 Extra"]
[Source "ChessBase"]
[SourceDate "2020.09.30"]
[SourceVersion "1"]
[SourceVersionDate "2020.09.30"]
[SourceQuality "1"]

1. e4 e6 2. d4 d5 3. exd5 exd5 4. Bd3 Nc6 5. c3 Bd6 6. Qf3 Be6 7. Bf4 Bxf4 8. Qxf4 Nge7 9. Ne2 Qd7 10. Ng3 0-0-0 11. Nd2 Ng6 12. Bxg6 hxg6 13. 0-0-0 Qd6 14. Qxd6 Rxd6 15. h3 Bf5 16. Nf3 f6 17. Rde1 a5 18. Re3 Bd7 19. Ne1 g5 20. Nf3 Kd8 21. h4 g4 22. Ne1 f5 23. Nd3 Rdh6 24. Nf4 g5 25. hxg5 Rxh1+ 26. Nxh1 Rxh1+ 27. Kd2 Rh8 28. Nxd5 Rg8 29. Nf4 Rxg5 30. d5 Ne7 31. Kd3 Ng6 32. g3 Nxf4+ 33. gxf4 Rh5 34. Re1 Rh3+ 35. Kd4 Rf3 36. Ke5 Rxf2 37. Rh1 Re2+ 0-1

[Event "Europe Echecs online op April"]
[Site "Europe Echecs INT"]
[Date "2020.04.11"]
[Round "2"]
[White "Schmit, Vincent"]
[Black "Donchenko, Alexander"]
[Result "0-1"]
[WhiteElo "2151"]
[BlackElo "2648"]
[PlyCount "62"]
[EventDate "2020.04.11"]
[EventType "swiss (blitz)"]
[EventRounds "11"]
[EventCountry "FRA"]
[SourceTitle "EXT 2021"]
[Source "ChessBase"]
[SourceDate "2020.10.23"]
[SourceVersion "1"]
[SourceVersionDate "2020.10.23"]
[SourceQuality "1"]

1. e4 c5 2. Nf3 d6 3. d4 cxd4 4. Nxd4 Nf6 5. Nc3 a6 6. Bg5 Nbd7 7. f4 Qc7 8. Qf3 h6 9. Bh4 g5 10. fxg5 hxg5 11. Bxg5 Qc5 12. Be3 Ne5 13. Qe2 Neg4 14. Bg1 Bh6 15. h3 Ne5 16. Nb3 Qc7 17. Be3 Bxe3 18. Qxe3 b5 19. 0-0-0 Bb7 20. Nd5 Bxd5 21. exd5 Rc8 22. Rd2 Nxd5 23. Qd4 Nb6 24. Be2 Nbc4 25. Bxc4 bxc4 26. Na1 Qa5 27. Kb1 Rh4 28. Qe3 c3 29. Re2 cxb2 30. Nb3 Qa3 31. Rhe1 Ra4 0-1

[Event "Noisiel op 5th"]
[Site "Noisiel"]
[Date "2020.02.17"]
[Round "4"]
[White "Labrande, Theodore"]
[Black "Schmit, Vincent"]
[Result "1-0"]
[WhiteElo "2021"]
[BlackElo "2171"]
[PlyCount "57"]
[EventDate "2020.02.15"]
[EventType "swiss"]
[EventRounds "9"]
[EventCountry "FRA"]
[SourceTitle "CBM 195 Extra"]
[Source "ChessBase"]
[SourceDate "2020.05.31"]
[SourceVersion "1"]
[SourceVersionDate "2020.05.31"]
[SourceQuality "1"]

1. e4 e5 2. Nf3 Nc6 3. Bc4 Nf6 4. d3 Be7 5. c3 0-0 6. 0-0 d6 7. Bb3 Kh8 8. Ng5 Qe8 9. f4 Ng8 10. f5 Bxg5 11. Bxg5 f6 12. Be3 Nce7 13. Nd2 d5 14. Qf3 dxe4 15. dxe4 b6 16. Qh3 Bb7 17. Rf3 Rd8 18. Qg4 Nc8 19. Rg3 Qe7 20. Nf3 Nd6 21. Nh4 Nh6 22. Rh3 Ndf7 23. Bxf7 Qxf7 24. Bxh6 gxh6 25. Ng6+ Kg8 26. Nxf8+ Kxf8 27. Rd1 Rxd1+ 28. Qxd1 Ke8 29. Rd3 1-0

[Event "Vandoeuvre op 16th"]
[Site "Vandoeuvre"]
[Date "2019.12.26"]
[Round "1"]
[White "Schmit, Vincent"]
[Black "Bellahcene, Bilel"]
[Result "1-0"]
[WhiteElo "2121"]
[BlackElo "2550"]
[PlyCount "157"]
[EventDate "2019.12.26"]
[EventType "swiss"]
[EventRounds "9"]
[EventCountry "FRA"]
[SourceTitle "CBM 194 Extra"]
[Source "ChessBase"]
[SourceDate "2020.03.31"]
[SourceVersion "1"]
[SourceVersionDate "2020.03.31"]
[SourceQuality "1"]

1. e4 c5 2. Nf3 Nc6 3. d4 cxd4 4. Nxd4 Nf6 5. Nc3 e5 6. Ndb5 d6 7. Be3 Be7 8. Be2 0-0 9. Bf3 a6 10. Na3 b5 11. Nd5 Nxd5 12. Qxd5 Qc7 13. c3 Bb7 14. Qd2 Na5 15. 0-0 d5 16. exd5 Bxa3 17. bxa3 Nc4 18. Qc2 f5 19. Rfd1 Rad8 20. a4 e4 21. Be2 f4 22. Bd4 Rxd5 23. Qxe4 Qf7 24. f3 Ne3 25. Qd3 Nxd1 26. Bxd1 Rg5 27. axb5 axb5 28. Bb3 Bd5 29. Qxb5 Qh5 30. Bxd5+ Rxd5 31. Qb7 Rg5 32. Re1 Kh8 33. Re7 Rg8 34. a4 Rg6 35. Re5 Qh3 36. Re2 Qf5 37. Qe4 Qf7 38. a5 h6 39. Qe7 Qd5 40. Qe4 Qf7 41. Qe7 Qb3 42. Qe4 Rg5 43. a6 Qd1+ 44. Re1 Qd2 45. Qe2 Qxe2 46. Rxe2 Ra5 47. a7 Kh7 48. Rb2 Re8 49. h4 Re7 50. h5 Rexa7 51. Bxa7 Rxa7 52. c4 Rc7 53. Rc2 Rc5 54. Kf2 Kg8 55. Ke2 Kf7 56. Kd3 Rxh5 57. Ke4 g5 58. Kd5 Ke7 59. Kc6 Kd8 60. Kb7 Rh1 61. Rd2+ Ke7 62. c5 Rb1+ 63. Kc7 h5 64. Rd5 g4 65. Rxh5 g3 66. Re5+ Kf6 67. Re2 Rf1 68. c6 Rf2 69. Re4 Kf5 70. Kd6 Rxg2 71. Rc4 Rd2+ 72. Ke7 Rh2 73. c7 Rh8 74. c8Q+ Rxc8 75. Rxc8 Ke5 76. Rd8 g2 77. Rd1 g1Q 78. Rxg1 Kd4 79. Re1 1-0

[Event "Avoine op 34th"]
[Site "Avoine"]
[Date "2019.07.21"]
[Round "2"]
[White "Stephan, Victor"]
[Black "Schmit, Vincent"]
[Result "1-0"]
[WhiteElo "2358"]
[BlackElo "2192"]
[PlyCount "60"]
[EventDate "2019.07.20"]
[EventType "swiss"]
[EventRounds "9"]
[EventCountry "FRA"]
[SourceTitle "CBM 191 Extra"]
[Source "ChessBase"]
[SourceDate "2019.09.30"]
[SourceVersion "1"]
[SourceVersionDate "2019.09.30"]
[SourceQuality "1"]

1. d4 Nf6 2. c4 g6 3. Nc3 Bg7 4. e4 d6 5. Nf3 0-0 6. Be2 e5 7. 0-0 exd4 8. Nxd4 Re8 9. f3 Nc6 10. Be3 Nh5 11. Nc2 f5 12. Qd2 Nf6 13. Bg5 Qd7 14. exf5 Qxf5 15. Bd3 Qc5+ 16. Kh1 Bf5 17. b4 Nxb4 18. Bxf5 gxf5 19. Na4 Qxc4 20. Na3 Qe2 21. Qxb4 Nd5 22. Qxb7 Bxa1 23. Qxd5+ Kh8 24. Rg1 Qf2 25. Nc2 Bg7 26. Ne3 Rab8 27. Nd1 Qc2 28. Nac3 h6 29. Bh4 Bxc3 30. Qc4 d5 1-0

[Event "Avoine op 34th"]
[Site "Avoine"]
[Date "2019.07.20"]
[Round "1"]
[White "Schmit, Vincent"]
[Black "Bodicker, Rob"]
[Result "1-0"]
[WhiteElo "2192"]
[BlackElo "2007"]
[PlyCount "95"]
[EventDate "2019.07.20"]
[EventType "swiss"]
[EventRounds "9"]
[EventCountry "FRA"]
[SourceTitle "EXT 2020"]
[Source "ChessBase"]
[SourceDate "2019.10.17"]
[SourceVersion "1"]
[SourceVersionDate "2019.10.17"]
[SourceQuality "1"]

1. e4 e6 2. d4 d5 3. Nc3 Bb4 4. e5 c5 5. Bd2 Ne7 6. a3 cxd4 7. axb4 dxc3 8. bxc3 Ng6 9. f4 0-0 10. Bd3 Nc6 11. h4 f5 12. Nf3 Qe8 13. Be3 Bd7 14. b5 Nce7 15. Nd4 Qc8 16. Ra3 b6 17. Qa1 Qc7 18. g3 Nh8 19. 0-0 Nf7 20. Qa2 Nh6 21. Ra1 Nc8 22. Nf3 Ng4 23. Bd4 h6 24. Ra6 Rb8 25. c4 dxc4 26. Bxc4 Re8 27. Rd1 Qb7 28. Qb3 Kh8 29. Bf1 Qc7 30. Ra4 a5 31. Rc4 Qd8 32. Bb2 Rb7 33. Nd4 Qe7 34. Qf3 Ra7 35. Ba3 Qf7 36. Bg2 Rd8 37. Nc6 Qe8 38. Nxd8 Qxd8 39. Qc6 Qe8 40. Rxd7 Rxd7 41. Rd4 Rd8 42. Qxe8+ Rxe8 43. Bc6 Rg8 44. Bd7 Rd8 45. Rd3 Na7 46. Be7 Ra8 47. c4 Nc8 48. Ba3 1-0

[Event "Avoine op 33rd"]
[Site "Avoine"]
[Date "2018.07.26"]
[Round "6"]
[White "Crook, Oliver James"]
[Black "Schmit, Vincent"]
[Result "0-1"]
[WhiteElo "1844"]
[BlackElo "2285"]
[PlyCount "76"]
[EventDate "2018.07.21"]
[EventType "swiss"]
[EventRounds "9"]
[EventCountry "FRA"]
[SourceTitle "CBM 185 Extra"]
[Source "ChessBase"]
[SourceDate "2018.07.29"]
[SourceVersion "1"]
[SourceVersionDate "2018.07.29"]
[SourceQuality "1"]

1. d4 Nf6 2. Bg5 e6 3. Nd2 d5 4. Ngf3 c5 5. c3 Qb6 6. Qc2 Be7 7. Nb3 cxd4 8. Nbxd4 0-0 9. e3 Nbd7 10. Be2 a6 11. 0-0 h6 12. Bh4 Nc5 13. Ne5 Nce4 14. f3 Nc5 15. Kh1 Qc7 16. f4 Ncd7 17. Ndf3 Bc5 18. Bf2 Ne4 19. Bg1 Ndf6 20. Bd3 b6 21. Rad1 Bb7 22. Nd2 Nxd2 23. Rxd2 a5 24. Bb5 Ne4 25. Re2 Ba6 26. Bxa6 Rxa6 27. g4 b5 28. Rg2 Bd6 29. Nf3 b4 30. g5 h5 31. g6 bxc3 32. Nd4 cxb2 33. Qe2 Rb6 34. Qxh5 Nf6 35. gxf7+ Rxf7 36. Qh6 b1Q 37. Rf3 Qh7 38. Qg5 Qh5 0-1

[Event "Avoine op 32nd"]
[Site "Avoine"]
[Date "2017.07.29"]
[Round "8"]
[White "Schmit, Vincent"]
[Black "Herdier, Goulwenn"]
[Result "1-0"]
[WhiteElo "2043"]
[BlackElo "2149"]
[PlyCount "49"]
[EventDate "2017.07.22"]
[EventType "swiss"]
[EventRounds "9"]
[EventCountry "FRA"]
[SourceTitle "CBM 179 Extra"]
[Source "ChessBase"]
[SourceDate "2017.08.23"]
[SourceVersion "1"]
[SourceVersionDate "2017.08.23"]
[SourceQuality "1"]

1. e4 c5 2. Nf3 d6 3. d4 cxd4 4. Nxd4 Nf6 5. Nc3 e5 6. Nb3 a6 7. a4 Be6 8. Bg5 Be7 9. Bxf6 Bxf6 10. Nd5 Nc6 11. c4 0-0 12. Be2 Bg5 13. 0-0 f5 14. Bf3 Rb8 15. Qd3 Ne7 16. Nxe7+ Qxe7 17. exf5 Bxf5 18. Be4 Bxe4 19. Qxe4 Qe6 20. Na5 Rf4 21. Qd3 Rd4 22. Qb3 Bd2 23. Nc6 Rh4 24. Nxb8 Bf4 25. h3 1-0

[Event "Barcelona Sants op-A18th"]
[Site "Barcelona"]
[Date "2016.08.19"]
[Round "1"]
[White "Schmit, Vincent"]
[Black "Cruz, Jonathan"]
[Result "0-1"]
[WhiteElo "2074"]
[BlackElo "2433"]
[PlyCount "66"]
[EventDate "2016.08.19"]
[EventType "swiss"]
[EventRounds "10"]
[EventCountry "ESP"]
[SourceTitle "CBM 174 Extra"]
[Source "ChessBase"]
[SourceDate "2016.10.10"]
[SourceVersion "1"]
[SourceVersionDate "2016.10.10"]
[SourceQuality "1"]

1. e4 e5 2. Nf3 Nc6 3. Bc4 Nf6 4. d4 exd4 5. 0-0 d6 6. Nxd4 Be7 7. Nc3 0-0 8. f3 Na5 9. Be2 d5 10. e5 Ne8 11. f4 c5 12. Nf3 d4 13. Ne4 f5 14. Ned2 Be6 15. b4 cxb4 16. Nb3 Qb6 17. Qxd4 Nxb3 18. Qxb6 axb6 19. cxb3 Bc5+ 20. Kh1 Bxb3 21. Nd2 Rxa2 22. Nxb3 Rxe2 23. Nxc5 bxc5 24. Ra5 b6 25. Rb5 Nc7 26. Rxb6 Nd5 27. Rc6 Rc2 28. Rd6 Nc3 29. Be3 b3 30. Bxc5 Ne4 31. Ba3 Nxd6 32. exd6 Ra8 33. Bb4 b2 0-1

[Event "Andorra op 34th"]
[Site "Escaldes"]
[Date "2016.08.05"]
[Round "3"]
[White "Eden, James"]
[Black "Schmit, Vincent"]
[Result "1/2-1/2"]
[WhiteElo "2320"]
[BlackElo "2074"]
[PlyCount "134"]
[EventDate "2016.08.03"]
[EventType "swiss"]
[EventRounds "9"]
[EventCountry "AND"]
[SourceTitle "CBM 173 Extra"]
[Source "ChessBase"]
[SourceDate "2016.08.29"]
[SourceVersion "1"]
[SourceVersionDate "2016.08.29"]
[SourceQuality "1"]

1. d4 Nf6 2. Bf4 e6 3. e3 b6 4. Nf3 Be7 5. h3 Bb7 6. Bd3 Ne4 7. Nbd2 f5 8. Bxe4 fxe4 9. Ng5 Bxg5 10. Qh5+ g6 11. Qxg5 Qxg5 12. Bxg5 Nc6 13. c4 h6 14. Bf4 0-0-0 15. 0-0 Rdf8 16. Bh2 Ne7 17. Rac1 Rf5 18. d5 exd5 19. cxd5 Nxd5 20. Nxe4 Kb8 21. Nd2 Rf7 22. Nf3 d6 23. Nd4 Rhf8 24. e4 Nb4 25. Rc4 Ba6 26. Rxb4 Bxf1 27. Ne6 Re8 28. Nxc7 Rxc7 29. Kxf1 Re6 30. Ke2 Rc2+ 31. Ke3 Kb7 32. Bg3 a5 33. Rb3 Rc4 34. f3 Rc2 35. Kd4 Rd2+ 36. Kc4 Kc6 37. Bf4 Rxg2 38. Bxh6 Re5 39. Be3 b5+ 40. Kd3 Rh5 41. f4 Rxh3 42. Kd4 Rc2 43. Ra3 Rxb2 44. Rxa5 Rb4+ 45. Kd3 Ra4 46. Rxa4 bxa4 47. a3 Rh1 48. Bd2 Rh3+ 49. Be3 Kb5 50. Kd4 Rh1 51. Kd5 Rd1+ 52. Bd4 Rf1 53. e5 dxe5 54. fxe5 Rf5 55. Be3 Rf3 56. Bd4 Rf8 57. Bc5 Rc8 58. Bb4 g5 59. e6 g4 60. Bd6 Re8 61. e7 Kb6 62. Ke6 Kc6 63. Be5 Rc8 64. Bf4 Re8 65. Be5 Kb5 66. Kd7 Rxe7+ 67. Kxe7 Ka6 1/2-1/2

[Event "Val de Marne-ch"]
[Site "Maisons Alfort"]
[Date "2015.02.08"]
[Round "4"]
[White "Schmit, Vincent"]
[Black "Chartier, Thibaud"]
[Result "1/2-1/2"]
[WhiteElo "2006"]
[BlackElo "2034"]
[PlyCount "25"]
[EventDate "2015.02.07"]
[EventType "swiss"]
[EventRounds "5"]
[EventCountry "FRA"]
[SourceTitle "EXT 2016"]
[Source "ChessBase"]
[SourceDate "2015.10.08"]
[SourceVersion "1"]
[SourceVersionDate "2015.10.08"]
[SourceQuality "1"]

1. e4 e5 2. Nf3 Nc6 3. Bc4 Bc5 4. b4 Bxb4 5. c3 Be7 6. d4 Na5 7. Be2 d6 8. dxe5 dxe5 9. Qa4+ c6 10. Nxe5 Nf6 11. 0-0 Qc7 12. Nf3 0-0 13. Bg5 1/2-1/2

[Event "Avoine op 29th"]
[Site "Avoine"]
[Date "2014.07.20"]
[Round "2"]
[White "Schmit, Vincent"]
[Black "Petre, Nad Titus"]
[Result "0-1"]
[WhiteElo "2144"]
[BlackElo "2371"]
[PlyCount "80"]
[EventDate "2014.07.19"]
[EventType "swiss"]
[EventRounds "9"]
[EventCountry "FRA"]
[SourceTitle "CBM 161 Extra"]
[Source "ChessBase"]
[SourceDate "2014.08.29"]
[SourceVersion "1"]
[SourceVersionDate "2014.08.29"]
[SourceQuality "1"]

1. e4 d5 2. exd5 Qxd5 3. Nc3 Qa5 4. g3 Nf6 5. Bg2 c6 6. d4 Bg4 7. Nge2 Bxe2 8. Qxe2 e6 9. 0-0 Be7 10. Re1 0-0 11. Ne4 Nxe4 12. Bxe4 Nd7 13. c3 Nf6 14. Bg2 Rfd8 15. Bf4 Bd6 16. Bxd6 Rxd6 17. Qc4 Qd8 18. a4 a5 19. b4 axb4 20. Qxb4 Rd7 21. a5 Nd5 22. Qc5 g6 23. Bf1 Qe7 24. Qc4 Qd6 25. Qb3 Kg7 26. Bg2 Qc7 27. c4 Ne7 28. Qc3 Kg8 29. Red1 Rad8 30. a6 bxa6 31. Rxa6 e5 32. d5 cxd5 33. c5 Nc6 34. Rb1 e4 35. Qf6 Na7 36. Bh3 Re7 37. c6 Rd6 38. Rb8+ Qxb8 39. Qxe7 Nxc6 40. Qg5 Nd4 0-1

[Event "Avoine op 29th"]
[Site "Avoine"]
[Date "2014.07.19"]
[Round "1"]
[White "Yche, Michel"]
[Black "Schmit, Vincent"]
[Result "0-1"]
[WhiteElo "1939"]
[BlackElo "2144"]
[PlyCount "40"]
[EventDate "2014.07.19"]
[EventType "swiss"]
[EventRounds "9"]
[EventCountry "FRA"]
[SourceTitle "CBM 161 Extra"]
[Source "ChessBase"]
[SourceDate "2014.08.29"]
[SourceVersion "1"]
[SourceVersionDate "2014.08.29"]
[SourceQuality "1"]

1. e4 e5 2. f4 exf4 3. Nf3 d5 4. exd5 Nf6 5. Bc4 Nxd5 6. 0-0 Be6 7. Bb3 c5 8. c4 Nb6 9. d4 cxd4 10. Bxf4 Nc6 11. Ng5 Qd7 12. Nxe6 fxe6 13. Bg5 Be7 14. Bxe7 Qxe7 15. c5 Nd7 16. Bxe6 Qxe6 17. Re1 Nde5 18. Na3 0-0 19. Nb5 Qc4 20. Nxd4 Rad8 0-1

[Event "Paris-ch op-A 89th"]
[Site "Paris"]
[Date "2014.07.10"]
[Round "6"]
[White "Ravot, Emmanuel"]
[Black "Schmit, Vincent"]
[Result "0-1"]
[WhiteElo "2053"]
[BlackElo "2144"]
[PlyCount "94"]
[EventDate "2014.07.05"]
[EventType "swiss"]
[EventRounds "9"]
[EventCountry "FRA"]
[SourceTitle "EXT 2016"]
[Source "ChessBase"]
[SourceDate "2015.10.08"]
[SourceVersion "1"]
[SourceVersionDate "2015.10.08"]
[SourceQuality "1"]

1. d4 Nf6 2. f3 d5 3. e4 e6 4. e5 Nfd7 5. f4 c5 6. c3 Nc6 7. Nf3 a6 8. a3 Qa5 9. Be3 Qb6 10. b4 cxb4 11. axb4 Be7 12. Bd3 Qc7 13. Ra2 Nb6 14. Ng5 Nc4 15. Qe2 h6 16. Nf3 Na7 17. 0-0 Bd7 18. Bf2 g5 19. Bg3 gxf4 20. Bxf4 Bb5 21. Nfd2 Nb6 22. Nb3 Bxd3 23. Qxd3 Qc4 24. Qc2 Qc7 25. N1d2 Nc4 26. Nc5 Bxc5 27. bxc5 Nxd2 28. Qxd2 0-0-0 29. Be3 Rdg8 30. c4 dxc4 31. Qb4 Rg4 32. Raf2 Rh7 33. Qxc4 h5 34. Bf4 Qc6 35. h3 Rgg7 36. Qe2 Nb5 37. Be3 Nc3 38. Qf3 Ne4 39. Rb2 Rg3 40. Rb6 Qd5 41. Qd1 Rhg7 42. Rb2 Rxe3 43. Qa4 Reg3 44. Qe8+ Qd8 45. Qa4 Nc3 46. Qb4 Qd5 47. Rff2 Qc6 0-1

[Event "FRA-ch U20"]
[Site "Montbeliard"]
[Date "2014.04.27"]
[Round "9"]
[White "Schmit, Vincent"]
[Black "Ider, Borya"]
[Result "0-1"]
[WhiteElo "2105"]
[BlackElo "2384"]
[PlyCount "108"]
[EventDate "2014.04.20"]
[EventType "swiss"]
[EventRounds "9"]
[EventCountry "FRA"]
[SourceTitle "CBM 160 Extra"]
[Source "ChessBase"]
[SourceDate "2014.07.01"]
[SourceVersion "1"]
[SourceVersionDate "2014.07.01"]
[SourceQuality "1"]

1. e4 e6 2. d4 d5 3. exd5 exd5 4. Bd3 Nc6 5. c3 Bd6 6. Qf3 Be6 7. Bf4 Nge7 8. Nd2 Ng6 9. Bxd6 Qxd6 10. Ne2 0-0-0 11. 0-0-0 Kb8 12. Qg3 Qd7 13. Nf1 a5 14. Ne3 a4 15. Bb5 a3 16. b3 Rhe8 17. Rde1 Bf5 18. Nxf5 Qxf5 19. Bd3 Qe6 20. Kd2 Qf6 21. h4 Nf8 22. Qg5 Qd6 23. Qxg7 Ne6 24. Qg3 Qf8 25. Kd1 Qh6 26. f4 Na5 27. f5 Nf8 28. Qf4 Qb6 29. Kc2 Nd7 30. g4 Ka7 31. Qf2 Nf6 32. Rhg1 Nc4 33. Rg3 Nxg4 34. Qf4 Nce3+ 35. Kd2 h5 36. Nc1 Nc4+ 37. bxc4 Qb2+ 38. Bc2 Rxe1 39. Nd3 Re2+ 40. Kxe2 Qxc2+ 41. Qd2 Re8+ 42. Ne5 Qe4+ 43. Kf1 Qxf5+ 44. Rf3 Qb1+ 45. Kg2 Nxe5 46. dxe5 Rg8+ 47. Rg3 Qe4+ 48. Kh3 Rxg3+ 49. Kxg3 Qg4+ 50. Kh2 Qxh4+ 51. Kg2 Qe4+ 52. Kf2 Qxc4 53. Qe3+ b6 54. Qd2 Qh4+ 0-1

[Event "Cappelle op 30th"]
[Site "Cappelle la Grande"]
[Date "2014.03.06"]
[Round "7"]
[White "Popovic, Dusan"]
[Black "Schmit, Vincent"]
[Result "1-0"]
[WhiteElo "2553"]
[BlackElo "2106"]
[PlyCount "43"]
[EventDate "2014.03.01"]
[EventType "swiss"]
[EventRounds "9"]
[EventCountry "FRA"]
[SourceTitle "CBM 159 Extra"]
[Source "ChessBase"]
[SourceDate "2014.04.24"]
[SourceVersion "1"]
[SourceVersionDate "2014.04.24"]
[SourceQuality "1"]

1. e4 e5 2. d4 exd4 3. Qxd4 Nc6 4. Qe3 Nf6 5. Nc3 Bb4 6. Bd2 0-0 7. 0-0-0 Re8 8. Bc4 d6 9. f3 Be6 10. Bxe6 Rxe6 11. Qg5 Ne5 12. Nge2 Nfd7 13. Qxd8+ Rxd8 14. Nb5 Bxd2+ 15. Rxd2 Rc8 16. Nf4 Ree8 17. Nd5 c6 18. Nxd6 cxd5 19. Nxc8 Rxc8 20. Rxd5 Nc5 21. b4 Ncd3+ 22. Kb1 1-0

[Event "Le Port Marly Paribas blitz op"]
[Site "Le Port Marly"]
[Date "2014.??.??"]
[Round "4"]
[White "Schmit, Vincent"]
[Black "Glod, Philippe"]
[Result "1/2-1/2"]
[WhiteElo "2102"]
[BlackElo "2145"]
[PlyCount "136"]
[EventDate "2014.06.14"]
[EventType "swiss (blitz)"]
[EventRounds "15"]
[EventCountry "FRA"]
[SourceTitle "EXT 2015"]
[Source "ChessBase"]
[SourceDate "2014.11.20"]
[SourceVersion "1"]
[SourceVersionDate "2014.11.20"]
[SourceQuality "1"]

1. e4 e5 2. Nf3 Nc6 3. Bc4 Bc5 4. b4 Bxb4 5. c3 Be7 6. d4 Na5 7. Be2 d6 8. dxe5 dxe5 9. Qxd8+ Bxd8 10. Nxe5 Nf6 11. f3 0-0 12. Nc4 Nxc4 13. Bxc4 c6 14. Ba3 Re8 15. 0-0 Be6 16. Nd2 Bb6+ 17. Kh1 Rad8 18. Bxe6 Rxe6 19. Nc4 Bc7 20. Rad1 Ree8 21. g3 Rxd1 22. Rxd1 Rd8 23. Rxd8+ Bxd8 24. Kg2 Nd7 25. Nd6 Be7 26. Nc4 Bxa3 27. Nxa3 Kf8 28. Kf2 Ke7 29. Ke3 b6 30. Nc2 g6 31. Nd4 Kd6 32. Kf4 Ne5 33. Kg5 c5 34. Nb5+ Ke6 35. Nxa7 Nxf3+ 36. Kf4 Nxh2 37. Nc8 b5 38. Na7 b4 39. cxb4 cxb4 40. Nc6 b3 41. axb3 Nf1 42. Nd4+ Kd6 43. Nf3 f6 44. Nd4 Kc5 45. Ne6+ Kd6 46. Nf8 Ke7 47. Nxh7 Nd2 48. b4 Nc4 49. g4 g5+ 50. Kf5 Ne3+ 51. Kg6 Nxg4 52. b5 Ne5+ 53. Kf5 Nd7 54. e5 fxe5 55. Nxg5 Nb6 56. Kxe5 Kd7 57. Kd4 Kd6 58. Ne4+ Kc7 59. Kc5 Nd7+ 60. Kd5 Kb6 61. Nd6 Nf6+ 62. Ke6 Ng4 63. Kf5 Ne3+ 64. Ke4 Nc2 65. Kd3 Kc5 66. Kxc2 Kxd6 67. Kc3 Kc5 68. b6 Kxb6 1/2-1/2

[Event "FRA-ch op-B"]
[Site "Nancy"]
[Date "2013.08.21"]
[Round "9"]
[White "Schmit, Vincent"]
[Black "Perradin, Vincent"]
[Result "0-1"]
[WhiteElo "1979"]
[BlackElo "1916"]
[PlyCount "88"]
[EventDate "2013.08.11"]
[EventType "swiss"]
[EventRounds "11"]
[EventCountry "FRA"]
[SourceTitle "CBM 156 Extra"]
[Source "ChessBase"]
[SourceDate "2013.10.22"]
[SourceVersion "1"]
[SourceVersionDate "2013.10.22"]
[SourceQuality "1"]

1. e4 e5 2. Nf3 Nc6 3. Bc4 Bc5 4. c3 Nf6 5. d3 0-0 6. Nbd2 d5 7. Bb3 dxe4 8. dxe4 Qe7 9. 0-0 Bg4 10. Re1 Rad8 11. Qe2 h6 12. Nf1 Nh5 13. h3 Bc8 14. Bc2 Qf6 15. Kh2 Nf4 16. Bxf4 Qxf4+ 17. g3 Qf6 18. Ne3 Ne7 19. Rad1 Bxe3 20. Qxe3 Qe6 21. Ng1 Qxa2 22. Rb1 Rd6 23. f4 Rfd8 24. Nf3 Rb6 25. Qc1 exf4 26. gxf4 Rbd6 27. Rg1 Rg6 28. Rxg6 Nxg6 29. f5 Ne7 30. Ne5 Qa5 31. Qf4 Qb5 32. Rg1 Qxb2 33. Qg3 g6 34. Rg2 g5 35. f6 Nc6 36. h4 Nxe5 37. Qxe5 g4 38. Qh5 Qxc3 39. Rxg4+ Bxg4 40. Qxg4+ Kf8 41. Qg7+ Ke8 42. Qg8+ Kd7 43. Qg4+ Kc6 44. Ba4+ b5 0-1